<?xml version="1.0" encoding="UTF-8"?>
<record
    xmlns:xsi="http://www.w3.org/2001/XMLSchema-instance"
    xsi:schemaLocation="http://www.loc.gov/MARC21/slim http://www.loc.gov/standards/marcxml/schema/MARC21slim.xsd"
    xmlns="http://www.loc.gov/MARC21/slim">

  <leader>00739cam a22002411  4500</leader>
  <controlfield tag="001">ne 68002719 </controlfield>
  <controlfield tag="003">DLC</controlfield>
  <controlfield tag="005">20260227111844.0</controlfield>
  <controlfield tag="008">901025m19679999ua       b    000 0 arar </controlfield>
  <datafield tag="010" ind1=" " ind2=" ">
    <subfield code="a">ne 68002719 </subfield>
  </datafield>
  <datafield tag="025" ind1=" " ind2=" ">
    <subfield code="a">PL480:UAR-9270</subfield>
  </datafield>
  <datafield tag="035" ind1=" " ind2=" ">
    <subfield code="a">(OCoLC)22585940</subfield>
  </datafield>
  <datafield tag="040" ind1=" " ind2=" ">
    <subfield code="a">DLC</subfield>
    <subfield code="c">WaU</subfield>
    <subfield code="d">DLC</subfield>
  </datafield>
  <datafield tag="042" ind1=" " ind2=" ">
    <subfield code="a">premarc</subfield>
  </datafield>
  <datafield tag="050" ind1="0" ind2="0">
    <subfield code="a">DS223</subfield>
    <subfield code="b">.S25</subfield>
  </datafield>
  <datafield tag="100" ind1="1" ind2=" ">
    <subfield code="a">S&#x101;lim, al-Sayyid &#x2BB;Abd al-&#x2BB;Az&#x12B;z.</subfield>
  </datafield>
  <datafield tag="245" ind1="1" ind2="0">
    <subfield code="a">Dir&#x101;s&#x101;t f&#x12B; t&#x101;r&#x12B;kh al-&#x2BB;Arab,</subfield>
    <subfield code="c">ta&#x2BC;l&#x12B;f al-Sayyid &#x2BB;Abd al-&#x2BB;Az&#x12B;z S&#x101;lim.</subfield>
  </datafield>
  <datafield tag="260" ind1=" " ind2=" ">
    <subfield code="a">[al-Iskandar&#x12B;yah]</subfield>
    <subfield code="b">D&#x101;r al-Ma&#x2BB;&#x101;rif</subfield>
    <subfield code="c">1967 [cover 1968]-</subfield>
  </datafield>
  <datafield tag="300" ind1=" " ind2=" ">
    <subfield code="a">2 v.</subfield>
    <subfield code="c">24 cm.</subfield>
  </datafield>
  <datafield tag="504" ind1=" " ind2=" ">
    <subfield code="a">Bibliography, v. 1, p. [667]-689.</subfield>
  </datafield>
  <datafield tag="505" ind1="1" ind2=" ">
    <subfield code="a">Juz&#x2BC; 1. &#x2BB;A&#x1E63;r m&#x101; qabla al-Isl&#x101;m--</subfield>
  </datafield>
  <datafield tag="650" ind1=" " ind2="0">
    <subfield code="a">Arabs</subfield>
    <subfield code="x">History.</subfield>
  </datafield>
  <datafield tag="999" ind1=" " ind2=" ">
    <subfield code="c">50594</subfield>
    <subfield code="d">50594</subfield>
  </datafield>
</record>
